000 00365pab a2200157 454500
008 180718b2007 xxu||||| |||| 00| 0 eng d
100 _aNovak, Paolo
245 _aAccountability to whom?
260 _c2007
300 _ap.3172-177.
362 _a28 Jul
650 _aAccountability
773 _aEconomic and Political Weekly
908 _aN
909 _a74906
999 _c74906
_d74906